| 000 | 00902nam a22002417a 4500 | ||
|---|---|---|---|
| 003 | 0 | ||
| 005 | 20251018104739.0 | ||
| 008 | 251018b xxu||||| |||| 00| 0 eng d | ||
| 020 | _a978-1-61620-746-5 | ||
| 050 |
_aPZ 7.1 _b.B266 2016 |
||
| 100 |
_aBarnhill, Kelly, _eauthor. |
||
| 245 |
_aThe girl who drank the moon / _cKelly Barnhill. |
||
| 260 |
_aNew York : _bAlgonquin Young Readers, an imprint of Workman Publishing Company, _c2016. |
||
| 300 |
_a386 pages ; _c21 cm. |
||
| 500 | _aWinner of the 2017 Newbery Medal. | ||
| 520 | _aLuna, raised by a kind witch in a forest filled with magic, must discover her own powers and uncover the truth behind her mysterious past before darkness overtakes her world. | ||
| 650 |
_aMagic _vFiction. |
||
| 650 |
_aWitches _vFiction. |
||
| 650 |
_aOrphans _vFiction. |
||
| 650 | _aFantasy fiction. | ||
| 650 | _aNewbery Medal books. | ||
| 942 |
_2lcc _cBK |
||
| 999 |
_c368272 _d368272 |
||